| 000 | 00484cam a2200145 4500500 | ||
|---|---|---|---|
| 005 | 20251012031724.0 | ||
| 041 | _afre | ||
| 042 | _adc | ||
| 100 | 1 | 0 |
_aLabouret, Denis _eauthor |
| 245 | 0 | 0 | _aJulliard, Péguy et le Général |
| 260 | _c2025. | ||
| 500 | _a70 | ||
| 786 | 0 | _nBulletin de l’Amitié Charles Péguy | 185 | 1 | 2025-05-13 | p. 17-27 | 0180-8567 | |
| 856 | 4 | 1 | _uhttps://shs.cairn.info/bulletin-de-l-amitie-charles-peguy-2025-1-page-17?lang=fr&redirect-ssocas=7080 |
| 999 |
_c1546332 _d1546332 |
||